| 000 | 00000nas 2200000za 4500 |
| 001 | 9.803870 |
| 003 | CaOODSP |
| 005 | 20240625094608 |
| 007 | cr ||||||||||| |
| 008 | 151001d20152016oncar p o f0 b0fre|d |
| 022 | |a2369-5978 |
| 040 | |aCaOODSP|bfre |
| 043 | |an-cn--- |
| 086 | 1 |aPS75-3F-PDF |
| 110 | 1 |aCanada. |bCommission civile d'examen et de traitement des plaintes relatives à la GRC. |
| 222 | 0|aRapport ministériel sur le rendement |b(Canada. Commission civile d'examen et de traitement des plaintes relatives à la Gendarmerie royale du Canada) |
| 245 | 10|aRapport ministériel sur le rendement |h[ressource électronique] / |cCommission civile d'examen et de traitement des plaintes relatives à la Gendarmerie royale du Canada. |
| 260 | |a[Ottawa] : |bCommission civile d'examen et de traitement des plaintes relatives à la GRC |
| 310 | |aAnnuel |
| 362 | 0 |a2014/2015-2015/2016. |
| 500 | |aPubl. aussi en anglais sous le titre : Departmental performance report / Commission for Public Complaints Against the Royal Canadian Mounted Police. |
| 692 | 07|2gccst|aService de police |
| 692 | 07|2gccst|aPlainte |
| 775 | 08|tDepartmental performance report |w(CaOODSP)9.803867 |
| 785 | 00|tRapport sur les résultats ministériels |w(CaOODSP)9.844348 |